Serie A Player of the Month - 2021-2022 - Statistics

Statistiche generali
  • Questo quiz è stato fatto 46 volte
  • Il punteggio medio è 7 su 9
Statistiche sulle risposte
Mese Nazione Squadra Calciatore % Corretto
Marzo Nigeria Napoli Victor Osimhen
95%
Settembre Senegal Napoli Kalidou Koulibaly
93%
Aprile Croazia Inter Marcelo Brozović
93%
Novembre Turchia Inter Hakan Çalhanoğlu
88%
Dicembre Serbia Fiorentina Dušan Vlahović
83%
Febbraio Ucraina Atalanta Ruslan Malinovs'kyj
83%
Ottobre Argentina Verona Giovanni Simeone
67%
Maggio Italia Milan Sandro Tonali
64%
Gennaio Italia Sassuolo Giacomo Raspadori
50%
Nessun quiz corrispondente trovato
Distribuzione punteggi
Percentuale di utenti per punteggio
Percentile per numero di risposta
I tuoi punteggi nel tempo
Non hai fatto questo quiz